Geography by letter - X - Statistics

General Stats
  • This quiz has been taken 98 times
  • The average score is 2 of 9
Answer Stats
Hint Answer % Correct
2 letter Chinese Bronze Age state ruled by the Ying family Xu
77%
Vibrant city in Ohio (please no memes/jokes) Also the only city in the U.S that starts with X Xenia
31%
Capital of Veracruz Xalapa
29%
Capital of Qinghai Xining
29%
second-largest prefecture-level city by population in northwestern Hubei province Xiangyang
13%
What is Arna's non-Lycian Name? number 1 Xanthos
8%
What is Arna's non-Lycian Name? number 2 Xanthus
8%
Where the flowers grow. Also in Mexico Xochimilco
8%
Empire that included parts of modern day Mongolia, China, Kazakhstan, Kyrgyzstan, Russia and North Korea. Xianbei
6%
No matching quizzes found
Score Distribution
Percent of People with Each Score
Percentile by Number Answered
Your Score History
You have not taken this quiz